| 000 | 00892nam a2200241 a 4500 | ||
|---|---|---|---|
| 001 | 000033961 | ||
| 003 | OSt | ||
| 005 | 20201127104725.0 | ||
| 008 | 110915s19uu dr c r 000 0 spa d | ||
| 040 |
_aDO-SdBNP _bspa _cBNPHU |
||
| 082 | 4 |
_a725.94 _bA349d _222 |
|
| 245 | 1 | 3 | _aEl alcázar de Don Diego Colón. |
| 260 |
_aSanto Domingo, : _bSecretaria de Estado de Fomento y Comunicaciones, _c[19--?]. |
||
| 300 |
_a12 p. ; _bil., _c24 cm. |
||
| 590 | _aInventariado, 2019/BT | ||
| 610 | 2 | 4 |
_aEl Alcázar de Don Diego Colón _977454 |
| 650 | 4 |
_aMonumentos _zRepública Dominicana _925880 |
|
| 650 | 4 |
_aMonumentos historicos _xConservación y restauración _zRepública Dominicana _952570 |
|
| 650 | 4 |
_aEdificios historicos _952571 |
|
| 710 | 1 |
_aRepública Dominicana _bSecretaria de Estado de Fomento y Comunicaciones. _958958 |
|
| 910 | _aValidado. Control de calidad MFF | ||
| 942 |
_2ddc _cLBS1 |
||
| 999 |
_c33452 _d33452 |
||